Central Library OPAC University of Rajshahi

Averroes' commentary on Plato's Republic / (Record no. 36400)

MARC details
000 -LEADER
fixed length control field 01071nam a22003012a 4500
001 - CONTROL NUMBER
control field 36400
003 - CONTROL NUMBER IDENTIFIER
rucl marc code BD-RjUL
005 - DATE AND TIME OF LATEST TRANSACTION
control field 20211209052500.0
008 - FIXED-LENGTH DATA ELEMENTS--GENERAL INFORMATION
fixed length control field 140622s1966 enk b 000 0 eng d
035 ## - SYSTEM CONTROL NUMBER
System control number BD-RjUL)36497
040 ## - CATALOGING SOURCE
Original cataloging agency IOH
Transcribing agency IOH
Modifying agency EQO
-- BD-RjUL
Language of cataloging eng
041 ## - LANGUAGE CODE
Language code of text/sound track or separate title eng
082 04 - DEWEY DECIMAL CLASSIFICATION NUMBER
Author mark and year AVA 1966
Classification number 327.054
090 ## - LOCALLY ASSIGNED LC-TYPE CALL NUMBER (OCLC); LOCAL CALL NUMBER (OCLC)
Classification number (OCLC) (R) ; Classification number, CALL (RLIN) (NR) JC71.P6
Local cutter number (OCLC) ; Book number/undivided call number, CALL (RLIN) A8 1966
100 0# - MAIN ENTRY--PERSONAL NAME
Personal name Averroës,
Dates associated with a name 1126-1198.
9 (RLIN) 94087
245 10 - TITLE STATEMENT
Title Averroes' commentary on Plato's Republic /
Statement of responsibility, etc. Edited with an introduction, translation and notes by E. I. J. Rosenthal
260 ## - PUBLICATION, DISTRIBUTION, ETC. (IMPRINT)
Place of publication, distribution, etc. Cambridge [Eng.] :
Name of publisher, distributor, etc. b University press,
Date of publication, distribution, etc. 1966
300 ## - PHYSICAL DESCRIPTION
Pagination vi, 338 p. ;
Size 22 cm
500 ## - GENERAL NOTE
General note Hebrew texts and translation into English
504 ## - BIBLIOGRAPHY, ETC. NOTE
Bibliography, etc Bibliography included in "Notes": p. 255-302
600 00 - SUBJECT ADDED ENTRY--PERSONAL NAME
Personal name Plato.
650 #0 - SUBJECT ADDED ENTRY--TOPICAL TERM
Topical term or geographic name as entry element Hebrew language Texts
Form subdivision Texts
9 (RLIN) 110761
Topical term or geographic name as entry element Hebrew literature
General subdivision Translations into English
9 (RLIN) 110762
700 1# - ADDED ENTRY--PERSONAL NAME
Personal name Rosenthal, Erwin Isak Jakob,
Dates associated with a name 1904-
830 #0 - SERIES ADDED ENTRY--UNIFORM TITLE
Volume number/sequential designation no. 1.
830 #0 - SERIES ADDED ENTRY--UNIFORM TITLE
Uniform title University of Cambridge oriental publications ;
942 ## - ADDED ENTRY ELEMENTS (KOHA)
Source of classification or shelving scheme Dewey Decimal Classification
Koha item type Books
Holdings
Lost status Source of classification or shelving scheme Damaged status Not for loan Collection code Permanent Location Current Location Shelving location Date acquired Source of acquisition Cost, normal purchase price Total Checkouts Full call number Date last seen Copy number Koha item type
  Dewey Decimal Classification     Non-fiction Central Library, University of Rajshahi Central Library, University of Rajshahi   19/11/1969 Zeitlinger 40.00   327.054 AVA 1966 22/06/2014 C-2 Books
  Dewey Decimal Classification   Not For Loan Non-fiction Central Library, University of Rajshahi Central Library, University of Rajshahi Reading Room 19/11/1969 Zeitlinger 40.00   327.054 AVA 1966 22/06/2014 C-1 Books